UM Logo

Environmental economics : (Record no. 3525)

MARC details
000 -LEADER
fixed length control field 00725nam a22001937a 4500
008 - FIXED-LENGTH DATA ELEMENTS--GENERAL INFORMATION
fixed length control field 160723b xxu||||| |||| 00| 0 eng d
020 ## - INTERNATIONAL STANDARD BOOK NUMBER
International Standard Book Number 0-324-53668-2
082 ## - DEWEY DECIMAL CLASSIFICATION NUMBER
Edition number 2007
Classification number DC 333.71
Item number T36
100 ## - MAIN ENTRY--PERSONAL NAME
9 (RLIN) 11735
Personal name Thomas, Janet M.
245 ## - TITLE STATEMENT
Title Environmental economics :
Remainder of title applications, policy, and theory/
Statement of responsibility, etc. Janet M. Thomas, Scott J. Callan.
250 ## - EDITION STATEMENT
Edition statement International Student Edition
260 ## - PUBLICATION, DISTRIBUTION, ETC. (IMPRINT)
Place of publication, distribution, etc. Australia :
Name of publisher, distributor, etc. South-Western Cengage Learning,
Date of publication, distribution, etc. c2007.
300 ## - PHYSICAL DESCRIPTION
Extent xvii, 464 pages:
Other physical details illustrations;
Dimensions 25 cm.
500 ## - GENERAL NOTE
General note Includes bibliographical references and index.<br/>
650 #0 - SUBJECT ADDED ENTRY--TOPICAL TERM
9 (RLIN) 11738
Topical term or geographic name as entry element Economic development
General subdivision Environmental aspects
700 ## - ADDED ENTRY--PERSONAL NAME
9 (RLIN) 11739
Personal name Callan, Scott J.
365 ## - TRADE PRICE
Price amount 4,250.00
Currency code Php
942 ## - ADDED ENTRY ELEMENTS (KOHA)
Source of classification or shelving scheme Dewey Decimal Classification
Koha item type Circulation
Holdings
Withdrawn status Lost status Source of classification or shelving scheme Damaged status Not for loan Collection code Home library Current library Date acquired Source of acquisition Total Checkouts Full call number Barcode Date last seen Cost, replacement price Price effective from Koha item type
    Dewey Decimal Classification     Circulation UM Digos College - LIC UM Digos College - LIC 09/24/2010 Purchased   DC 333.71 T36 2007 21160 05/15/2025 4250.00 07/23/2016 Circulation